000 00923cam a22001814a 4500
005 20250605164130.0
008 250528s ||||||||||||||||||||||||d
035 _a18620
040 _aGR-AtMCL
_bgre
_dGR-AtMCL
_eAACR2
245 1 _aΝταλί / Dali
260 _bΥποδομή,
_c1985
300 _a280
520 _aΤα Πρώτα Χρόνια, Ο Νταλί και η Καταλανική Πρωτοπορία, Ο Νταλί και ο Σουρρεαλισμός και η Ψυχανάλυση, Η Ζωγραφική και η Παρανοικό-Κριτική Μέθοδος, Ο Νταλί και το Σουρρεαλιστικό Αντικείμενο, Η Ζωγραφική του Νταλί μετά τον Πόλεμο, Ο Νταλί και ο Κινηματογράφος, Χρονολόγιο, Βιβλιογραφία.
700 1 _aAdes Dawn
_94887
942 _cBK
999 _c3968
_d3968